Statistics for Canadian cities

Click here to take the quiz!

General Stats

  • This quiz has been taken 15 times
  • The average score is 9 of 16

Answer Stats

Answer% Correct
Montreal
100%
Ottawa
100%
Toronto
100%
Calgary
91%
Edmonton
91%
Quebec
82%
Winnipeg
73%
Halifax
64%
Regina
45%
Victoria
45%
St. John's
36%
Banff
27%
Windsor / Detroit
18%
Gatineau
0%
Kingston
0%
Niagara Falls
0%

Score Distribution

Percentile by Number Answered

Percent of People with Each Score

Your Score History

You have not taken this quiz